Sports Quiz

Random Sports or Hockey Quiz
Score 0/50 Timer 10:00
0 Plays Today
Season Answer % Correct
2014-15Filip Forsberg
98.6%
2014-15Filip Forsberg
98.6%
2015-16Filip Forsberg
98.6%
2015-16Filip Forsberg
98.6%
2016-17Filip Forsberg
98.6%
2016-17Viktor Arvidsson
98.6%
2017-18Filip Forsberg
98.6%
2017-18Filip Forsberg
98.6%
2015-16Roman Josi
97.1%
2011-12Shea Weber
93.6%
2012-13*Shea Weber
93.6%
2012-13*Shea Weber
93.6%
2013-14Shea Weber
93.6%
2013-14Shea Weber
93.6%
2014-15Shea Weber
93.6%
2016-17Ryan Johansen
93.6%
2018-19Ryan Johansen
93.6%
2018-19Ryan Johansen
93.6%
2017-18Viktor Arvidsson
89.3%
2018-19Viktor Arvidsson
89.3%
2017-18P.K. Subban
81.4%
2018-19P.K. Subban
81.4%
2011-12Martin Erat
80.7%
2012-13*David Legwand
80.7%
2016-17Ryan Ellis
77.1%
Season Answer % Correct
2010-11Sergei Kostitsyn
75.7%
2018-19Nick Bonino
75.7%
2011-12Martin Erat
71.4%
2010-11Ryan Suter
64.3%
2010-11Ryan Suter
64.3%
2010-11Sergei Kostitsyn
63.6%
2009-10Patric Hornqvist
62.1%
2012-13*Gabriel Bourque
60.7%
2009-10Patric Hornqvist
60%
2009-10Patric Hornqvist
60%
2011-12Patric Hornqvist
60%
2013-14Craig Smith
58.6%
2013-14Craig Smith
58.6%
2016-17Austin Watson
43.6%
2017-18Austin Watson
43.6%
2014-15Colin Wilson
41.4%
2015-16James Neal
38.6%
2011-12Jordin Tootoo
35.7%
2009-10Steve Sullivan
33.6%
2014-15Mike Ribeiro
32.1%
2009-10Jerred Smithson
10.7%
2012-13*Rich Clune
10%
2013-14Rich Clune
10%
2015-16Barrett Jackman
7.9%
2010-11Shane O'Brien
5.7%
Remove Ads.
Support Sporcle.
Get the best of Sporcle when you Go Orange. This ad-free experience offers more features, more stats, and more fun while also helping to support Sporcle. Thank you for becoming a member.

You're not logged in!

Compare scores with friends on all Sporcle quizzes.
OR
Log In

Show Comments

Extras

Created Sep 23, 2019ReportNominate
Tags:Hockey Quiz, NHL Quiz

Top Quizzes Today


Score Distribution

Your Account Isn't Verified!

In order to create a playlist on Sporcle, you need to verify the email address you used during registration. Go to your Sporcle Settings to finish the process.

Report this User

Report this user for behavior that violates our Community Guidelines.

Details: